<?xml version="1.0" encoding="UTF-8"?>
<collection xmlns="http://www.loc.gov/MARC21/slim">
 <record>
  <leader>     na                 </leader>
  <controlfield tag="001">INLIS000000000000015</controlfield>
  <controlfield tag="005">20220311115038</controlfield>
  <datafield tag="035" ind1=" " ind2=" ">
   <subfield code="a">0010-0322000014</subfield>
  </datafield>
  <controlfield tag="007">ta</controlfield>
  <controlfield tag="008">220311                b          h ind  </controlfield>
  <datafield tag="082" ind1=" " ind2=" ">
   <subfield code="a">600</subfield>
  </datafield>
  <datafield tag="084" ind1=" " ind2=" ">
   <subfield code="a">600 FAU m</subfield>
  </datafield>
  <datafield tag="100" ind1="0" ind2=" ">
   <subfield code="a">Fauzi</subfield>
  </datafield>
  <datafield tag="245" ind1="1" ind2=" ">
   <subfield code="a">Menggunakan Waktu Luang :</subfield>
   <subfield code="b">Bacaan Anak-Anak Sekolah Dasar</subfield>
  </datafield>
  <datafield tag="250" ind1=" " ind2=" ">
   <subfield code="a">2</subfield>
  </datafield>
  <datafield tag="260" ind1=" " ind2=" ">
   <subfield code="a">Surakarta :</subfield>
   <subfield code="b">PT Wangsa Jaya Lestari,</subfield>
   <subfield code="c">2006</subfield>
  </datafield>
  <datafield tag="300" ind1=" " ind2=" ">
   <subfield code="a">iv, 45 hlm. :</subfield>
   <subfield code="b">ilus. ;</subfield>
   <subfield code="c">22</subfield>
  </datafield>
  <datafield tag="600" ind1=" " ind2="4">
   <subfield code="a">umum</subfield>
  </datafield>
 </record>
</collection>
